Transfer and storage of energy by molecules (Record no. 3449)

MARC details
000 -LEADER
fixed length control field 00684nam a2200205Ia 4500
003 - CONTROL NUMBER IDENTIFIER
control field IN-BaIIA
008 - FIXED-LENGTH DATA ELEMENTS--GENERAL INFORMATION
fixed length control field 211028s9999 xx 000 0 eng d
020 ## - INTERNATIONAL STANDARD BOOK NUMBER
International Standard Book Number 471-12430-3
040 ## - CATALOGING SOURCE
Transcribing agency IIA Library
080 ## - UNIVERSAL DECIMAL CLASSIFICATION NUMBER
Universal Decimal Classification number 539.19
Item number TRA
245 #0 - TITLE STATEMENT
Title Transfer and storage of energy by molecules
Remainder of title vol. 1, electronic energy
Statement of responsibility, etc. edited by George M. Burnett and Alastair M. North
260 ## - PUBLICATION, DISTRIBUTION, ETC.
Place of publication, distribution, etc. London
Name of publisher, distributor, etc. Wiley-Interscience
Date of publication, distribution, etc. 1969
300 ## - PHYSICAL DESCRIPTION
Extent xv, 234p.
650 ## - SUBJECT ADDED ENTRY--TOPICAL TERM
Topical term or geographic name entry element Electron energy
9 (RLIN) 6101
650 ## - SUBJECT ADDED ENTRY--TOPICAL TERM
Topical term or geographic name entry element Molecular physics
9 (RLIN) 1914
650 ## - SUBJECT ADDED ENTRY--TOPICAL TERM
Topical term or geographic name entry element NASA thesaurus
700 ## - ADDED ENTRY--PERSONAL NAME
Personal name Burnett, George M., ed.
9 (RLIN) 6102
700 ## - ADDED ENTRY--PERSONAL NAME
Personal name North, Alastair M., ed.
9 (RLIN) 6103
942 ## - ADDED ENTRY ELEMENTS (KOHA)
Koha item type Books
Holdings
Withdrawn status Lost status Damaged status Not for loan Home library Current library Shelving location Date acquired Cost, normal purchase price Total Checkouts Full call number Barcode Date last seen Cost, replacement price Price effective from Koha item type Purchase Price
        IIA Library-Bangalore IIA Library-Bangalore General Stacks 21/04/1970 86.04   539.19/ TRA 3842 05/11/2021 86.04 21/04/1970 Books Rs. 86.04

Powered by Koha